1231 1663 1033 1215 1024 1790 1379 1448 1984 1341 1231 1078 1031 1335 1342 1650 1590 1322 1269 1375 1478 1027 1982 1475 1586 1336 1790 1803 1477 1814 1818 1391 1776 1031 1250 1339 1571 1585 1842 1518 1877 1244 1268 1487 1186 1564 1764 1412 1668 1586 1850 1647 1291 1974 1292 1559 1346 1835 1852 1360 1623 1041 1879 1928 1897 1465 1437 1167 1344 1860 1633 1806 1223 1595 1963 1113 1879 1972 1608 1304 1412 1250 1881 1577 1559 1862 1857 1171 1307 1155 1722 1855 1423 1358 1726 1536 1431 1987 1203 BCNSPRNW ULIB Ver.6.0+V

เปลี่ยนเป็นภาษาไทย

Change to English
 แสดงรายละเอียดบรรณานุกรม
  กลับหน้าหลัก

Brief Record : Get Marc (ISO 2709) : E-mail record : QR code < ปิดหน้าต่าง
LEADER : 00000nam 2200000uu 4500
001    13399113890
003     ULIB
008    110320s||||||||th 000 0 tha d
099    วพ.WY18^bส726ป
100 0  สุจินต์ ยมศรีเคน
245 00 ปัญหาของนักศึกษาพยาบาลในวิทยาลัยพยาบาล สังกัดกองงานวิทยาลัยพยาบาลกระทรวงสาธารณสุข ปีการศึกษา 2535/^cสุจินต์ ยมศรีเคน
260    พิษณุโลก :^bมหาวิทยาลัยนเรศวร,^c2535
300    173 หน้า :^bตาราง
500    วิทยานิพนธ์
650  7 นักศึกษาพยาบาล^xวิจัย
710 2  มหาวิทยาลัยนเรศวร
945    ^p0^l0^i030950
945    ^p0^l0^i030951
995    ทศพร
999 ^a ใช้งานได้ทุกระบบ
รายการนี้ยังไม่มีแท็ก
คุณยังไม่ได้ล็อกอิน คุณสามารถมีกิจกรรมร่วมกับเว็บไซต์ได้ แต่ต้องล็อกอินก่อน ::
  ล็อกอิน

รายการสื่อสารสนเทศ

ลำดับที่ ประเภท เลขเรียก/บาร์โค้ด สถานที่ สถานะ
1. วิทยานิพนธ์
วิทยานิพนธ์
วพ.WY18 ส726ป ฉ.1 
  Barcode: 030950
ห้องสมุดวิทยาเขตสวรรค์ประชารักษ์
►วิจัย
บนชั้น
2. วิทยานิพนธ์
วิทยานิพนธ์
วพ.WY18 ส726ป ฉ.2 
  Barcode: 030951
ห้องสมุดวิทยาเขตสวรรค์ประชารักษ์
►วิจัย
บนชั้น

BibComment


ยังไม่เคยถูกคอมเมนท์

คอมเมนท์ทรัพยากรรายการนี้
  คอมเมนท์: ปัญหาของนักศึกษาพ..


 Copyright 2026. Bcnsprnw @Library